TV Cops Quiz Stats

 Plays Quiz Updated Mar 29, 2019

Score 0/26 Timer 06:00
0 Plays Today
Cop Show % Correct
Gil GrissomCSI: Crime Scene Investigation
69.7%
Barney FifeThe Andy Griffith Show
65.4%
Andy SipowiczNYPD Blue
64.2%
Sonny CrockettMiami Vice
64%
Lennie BriscoeLaw & Order
60.3%
Clancy WiggumThe Simpsons
59.6%
Joe FridayDragnet
57.6%
Ponch PoncherelloCHiPs
57.2%
Eliot NessThe Untouchables
51.8%
Steve McGarrettHawaii Five-O
46.2%
Rosco P. ColtraneDukes of Hazzard
40.2%
Joe SwansonFamily Guy
39.7%
Ken HutchinsonStarsky & Hutch
37.5%
Cop Show % Correct
Mick BelkerHill Street Blues
37.2%
Stan WojciehowiczBarney Miller
32.2%
Vic MackeyThe Shield
24.3%
Jim DangleReno 911
23.7%
Aaron 'Hotch' HotchnerCriminal Minds
21%
Lilly RushCold Case
18.8%
Jimmy McNultyThe Wire
18.2%
Brenda Leigh JohnsonThe Closer
17.7%
Dee Dee McCallHunter
14.8%
Frank PembletonHomicide: Life on the Streets
13.2%
Bill GillespieIn the Heat of the Night
12.3%
Tom Hanson Jr.21 Jump Street
7.8%
Ben ShermanSouthland
5.5%

You're not logged in!

Compare scores with friends on all Sporcle quizzes.
OR
Log In

Sporcle TV

Today on Sporcle TV


Watch our educational content, quiz creation guides, and fun videos on Sporcle TV.

Show Comments

Extras

Top Quizzes Today


Score Distribution

Your Account Isn't Verified!

In order to create a playlist on Sporcle, you need to verify the email address you used during registration. Go to your Sporcle Settings to finish the process.

Report this User

Report this user for behavior that violates our Community Guidelines.

Details: